000 00265nam a22001217a 4500
005 20170628110531.0
008 170628b xxu||||| |||| 00| 0 eng d
022 _a0019-4786
245 _aIndian Farming
260 _aDelhi
_bICAR
_c2017
300 _a32
942 _cJRL
999 _c5488
_d5486